000 00326nam a22001337a 4500
008 171030b xxu||||| |||| 00| 0 eng d
020 _a9780205782130
041 _aeng
080 _27TH
_a33
100 _a58
101 _aBUS
245 _aSTRATEGIC COMMUNICATION IN BUSINESS AND THE PROFESSIONS
_cOHAIR,D
942 _2udc
_cBK
999 _c36470
_d36470